01939nam a2200373 i 4500001001000000003000900010005001700019007000300036008004100039040003000080041000800110082002600118100003800144245005000182264008000232300003200312336002700344337003300371338002800404500015200432500006300584500006400647590002600711650005000737650005700787910004200844942001400886952012400900952012401024952011801148952012401266952016001390999001501550000005817DO-SdBNP20260203101440.0ta090824s1980 dr 001 0 spa d aDO-SdBNPbspacBNPHUerda aspa 4a344.729301bM722n2221 aMolina, Henry,eautor4aut.9727113aEl nuevo código de trabajo /cHenry Molina. 1aSanto Domingo :bCámara de Diputados de la República Dominicana,c1980. a253, 26 páginas ;c18 cm. atextobtxt2rdacontent asin mediaciónbn2rdamedia avolumenbnc2rdacarrier aProyecto presentado al Congreso Nacional por el diputado Henry Molina, aprobado por la Comisión Permanente de Trabajo de la Cámara de Diputados aIncluye datos biográficos del autor en la contracubierta aIncluye índice de materias y referencias bibliográficas aInventariado, 2018/DG 4aDerecho laboralzRepública Dominicana97337 4aLegislación laboralzRepública Dominicana911733 aValidado. Control de calidad. MMOLINA 2ddccLBS1 00102ddc56708DSaBNPHUbBNPHUcHDd2009-08-24oBNPHU DS 344.7293 M722np5817-30r2020-06-25te. 3w2020-06-25yLBS1 00102ddc56708DSaBNPHUbBNPHUcHDd2009-11-13oBNPHU DS 344.7293 M722np5817-40r2020-06-25te. 4w2020-06-25yLBS1 00102ddc51708PDaBNPHUbBNPHUcHDd2009-08-24oBNPHU PD 344.7293 M722np5817-10r2020-06-25w2020-06-25yLBS1 00102ddc51708PDaBNPHUbBNPHUcHDd2009-08-24oBNPHU PD 344.7293 M722np5817-20r2020-06-25te. 2w2020-06-25yLBS1 00102ddc56708DSaBNPHUbBNPHUcHDd2022-05-12eDonado por Bienvenido Britol0oBNPHU DS 344.729301 M722np2022-2041r2022-05-12te. 5w2022-05-12yLBS1 c5613d5613